000 00427pab a2200169 454500
008 180718b1999 xxu||||| |||| 00| 0 eng d
100 _aReddy, Rammanohar C.
245 _aA question of economic statistics
260 _c1999
300 _ap.8
362 _a17 Feb
650 _aEconomic and social development
650 _aEconomic surveys - India
650 _aEconomic statistics
773 _aHindu
909 _a40938
999 _c40938
_d40938